000 00419nam a2200109Ia 4500
008 160909s9999 xx 000 0 und d
100 _aShin, Elizabeth
245 _aConstructivist learning environments in digital storytelling workshops: An interview with Joseph Lambert
260 _bPepperdine University
_c2016
650 _aInformation Technology
856 _uhttp://pqdtopen.proquest.com/doc/1785112608.html?FMT=ABS
999 _c303794
_d303794